Kansas Counties Quiz - Statistics

General Stats
  • This quiz has been taken 17,731 times
  • The average score is 46 of 105
Answers on the Map
Answers color-coded by a green-red scale on the quiz's map according to % correct below.
 
Answer Stats
Code County % Correct
JO Johnson
78%
WS Washington
76%
JF Jefferson
75%
JA Jackson
70%
LC Lincoln
65%
WY Wyandotte
64%
SG Sedgwick
61%
DG Douglas
60%
LV Leavenworth
59%
SN Shawnee
59%
BU Butler
58%
FR Franklin
58%
RL Riley
58%
AT Atchison
56%
AL Allen
55%
BR Brown
54%
FO Ford
54%
CY Clay
53%
LY Lyon
53%
CK Cherokee
52%
WH Wichita
51%
AN Anderson
50%
GT Grant
50%
CN Cheyenne
49%
GE Geary
49%
SA Saline
49%
EK Elk
48%
EL Ellis
48%
FI Finney
48%
RN Reno
47%
MI Miami
46%
SM Smith
46%
CR Crawford
45%
KW Kiowa
45%
OS Osage
45%
PN Pawnee
45%
BT Barton
44%
CA Clark
44%
HM Hamilton
44%
MP McPherson
44%
PT Pottawatomie
44%
SH Sherman
44%
DP Doniphan
43%
MG Montgomery
43%
OT Ottawa
43%
SC Scott
43%
CD Cloud
42%
DK Dickinson
42%
HV Harvey
42%
LN Linn
42%
LG Logan
42%
MN Marion
42%
TH Thomas
42%
BB Bourbon
41%
CF Coffey
41%
ED Edwards
41%
EW Ellsworth
41%
JW Jewell
41%
PR Pratt
41%
MS Marshall
40%
RP Republic
40%
CM Comanche
39%
GO Gove
39%
NM Nemaha
39%
NT Norton
39%
RS Russell
39%
WB Wabaunsee
39%
WL Wilson
39%
GY Gray
38%
CQ Chautauqua
37%
GL Greeley
37%
MT Morton
37%
SD Sheridan
37%
TR Trego
37%
BA Barber
36%
NO Neosho
36%
SU Sumner
36%
CS Chase
35%
DC Decatur
35%
HP Harper
35%
OB Osborne
35%
RA Rawlins
35%
RC Rice
35%
SW Seward
35%
WA Wallace
35%
LB Labette
34%
LE Lane
34%
NS Ness
34%
CL Cowley
33%
GW Greenwood
33%
KE Kearny
33%
KM Kingman
33%
MC Mitchell
33%
RO Rooks
33%
RH Rush
33%
SV Stevens
33%
ME Meade
32%
MR Morris
32%
WO Woodson
31%
PL Phillips
30%
ST Stanton
30%
HS Haskell
29%
HG Hodgeman
29%
SF Stafford
29%
GH Graham
28%
No matching quizzes found
Score Distribution
Percent of People with Each Score
Percentile by Number Answered
Your Score History
You have not taken this quiz